Animals. (Record no. 7307)

MARC details
000 -LEADER
fixed length control field 00942pam a2200277 a 4500
001 - CONTROL NUMBER
control field 3397884
003 - CONTROL NUMBER IDENTIFIER
control field OSt
005 - DATE AND TIME OF LATEST TRANSACTION
control field 20210930160918.0
008 - FIXED-LENGTH DATA ELEMENTS--GENERAL INFORMATION
fixed length control field 890419s1990 enka b 001 0 eng
010 ## - LIBRARY OF CONGRESS CONTROL NUMBER
LC control number 89009766
020 ## - INTERNATIONAL STANDARD BOOK NUMBER
International Standard Book Number 0521343917
020 ## - INTERNATIONAL STANDARD BOOK NUMBER
International Standard Book Number 052134865X (pbk.)
040 ## - CATALOGING SOURCE
Original cataloging agency DLC
Transcribing agency DDC
Modifying agency DLC
050 00 - LIBRARY OF CONGRESS CALL NUMBER
Classification number QL47.2
Item number .A44 1990
082 00 - DEWEY DECIMAL CLASSIFICATION NUMBER
Classification number 590MCN 1990
100 1# - MAIN ENTRY--PERSONAL NAME
Personal name Alexander,McNeill R.
9 (RLIN) 14990
245 10 - TITLE STATEMENT
Title Animals.
Statement of responsibility, etc. Edited by Alexander,McNeill R.
260 ## - PUBLICATION, DISTRIBUTION, ETC. (IMPRINT)
Place of publication, distribution, etc. New York :
Name of publisher, distributor, etc. Cambridge University Press,
Date of publication, distribution, etc. 1990.
300 ## - PHYSICAL DESCRIPTION
Extent vii,509p.
Other physical details ill. ;
Dimensions 26 cm.
504 ## - BIBLIOGRAPHY, ETC. NOTE
Bibliography, etc Includes; bibliographical references and index.
650 #0 - SUBJECT ADDED ENTRY--TOPICAL TERM
Topical term or geographic name as entry element Biology
9 (RLIN) 5602
856 42 - ELECTRONIC LOCATION AND ACCESS
Materials specified Publisher description
Uniform Resource Identifier <a href="http://www.loc.gov/catdir/enhancements/fy0835/89009766-d.html">http://www.loc.gov/catdir/enhancements/fy0835/89009766-d.html</a>
856 41 - ELECTRONIC LOCATION AND ACCESS
Materials specified Table of contents only
Uniform Resource Identifier <a href="http://www.loc.gov/catdir/enhancements/fy0835/89009766-t.html">http://www.loc.gov/catdir/enhancements/fy0835/89009766-t.html</a>
906 ## - LOCAL DATA ELEMENT F, LDF (RLIN)
a 7
b cbc
c orignew
d 1
e ocip
f 19
g y-gencatlg
942 ## - ADDED ENTRY ELEMENTS (KOHA)
Source of classification or shelving scheme Dewey Decimal Classification
Koha item type Open Shelf
Holdings
Withdrawn status Lost status Source of classification or shelving scheme Damaged status Not for loan Home library Current library Date acquired Source of acquisition Inventory number Total Checkouts Full call number Barcode Date last seen Price effective from Koha item type
    Dewey Decimal Classification     MUST Main Library MUST Main Library 30/09/2021 Donation 03/18630   590MCN 1990 2021-1374 30/09/2021 30/09/2021 Open Shelf